[Event "ISR-chT"]
[Site "Israel"]
[Date "1999.01.15"]
[Round "2"]
[White "Botvinnik, Irina"]
[Black "Potikha, Liza"]
[Result "1-0"]
[WhiteElo "2185"]
[BlackElo "2105"]
[PlyCount "57"]
[EventDate "1999.01.??"]
[EventType "team"]
[EventRounds "11"]
[EventCountry "ISR"]
[SourceTitle "EXT 2000"]
[Source "ChessBase"]
[SourceDate "1999.11.16"]
[SourceVersion "1"]
[SourceVersionDate "1999.11.16"]
[SourceQuality "1"]

1. e4 e5 2. Nf3 Nc6 3. Bb5 a6 4. Ba4 Nf6 5. Bxc6 dxc6 6. d3 Bd6 7. Nbd2 h6 8. Nc4 Qe7 9. Bd2 b5 10. Ne3 g6 11. c3 Bb7 12. a4 Nd7 13. b4 Qe6 14. h4 c5 15. h5 c4 16. hxg6 fxg6 17. dxc4 Bxe4 18. Ng5 hxg5 19. Rxh8+ Bf8 20. axb5 axb5 21. Rxa8+ Bxa8 22. cxb5 Qf6 23. Rh7 e4 24. Qa4 Nb6 25. Qa7 Be7 26. Qxc7 Kf8 27. Ng4 Qe6 28. Rxe7 Qxe7 29. Qxb6 1-0